| 000 | 01119nma a22002297a 4500 | ||
|---|---|---|---|
| 005 | 20210325203903.0 | ||
| 006 | g q || | ||
| 008 | s2552 th tha d | ||
| 041 | _atha | ||
| 050 | _aCD1531 | ||
| 100 | 0 | _aอำนาจ นุตะมาน | |
| 245 | 1 | 0 | _aพัฒนาแอปพลิเคชั่นด้วย VB.NET กับ Excel [CD-ROM] |
| 260 | 3 |
_aกรุงเทพฯ : _bบริษัทซีเอ็ดยูเคชั่น จำกัด(มหาชน), _c2552 |
|
| 300 |
_a1 แผ่น : _b sd., col. |
||
| 650 | 0 | 4 | _aไมโครซอฟต์ เอ็กซ์เซล (โปรแกรมคอมพิวเตอร์) |
| 650 | 0 | 4 | _aวิชวล เบสิก (ภาษาคอมพิวเตอร์) |
| 650 | 0 | 4 | _aการเขียนโปรแกรม (คอมพิวเตอร์) |
| 850 | _aNALT | ||
| 942 | _cCD | ||
| 997 | _c000000000059419 | ||
| 998 | _aนายนายสมเกียรติ หะรังศรี | ||
| 999 |
_c59419 _d59419 |
||